01550nam a2200433 i 450000100060000000300080000600500170001400600190003100700150005000800410006502000180010602000270012403500230015103500240017403500250019803500210022304000310024405000230027508000110029808200170030910000290032624500960035526400640045130000440051533600310055933700330059033800430062350000230066658801250068965000340081465000360084865000240088465000270090865000250093565000280096065500270098870000390101585600620105429284FlNmELB20241216220128.0m o d | cr cnu||||||||150303s2014 mx o 001 0 spa d z9786074382105 a9786074389036 (e-book) a(MiAaPQ)EBC3227301 a(Au-PeEL)EBL3227301 a(CaPaEBR)ebr11013237 a(OCoLC)992103944 aFINmELBbspaerdacFINmELB 4aTA158.5bC229 2014 a316.770 a620.00142231 aCantú Ortiz, Ludivina.10aComunicación para ingenieros /cLudivina Cantú Ortiz, María del Carmen Roque Segovia. 1aMéxico D.F. :bLarousse - Grupo Editorial Patria,c[2014] a1 recurso en línea (v, 166 páginas) atextobtxt2rdacontent/spa acomputadorabc2rdamedia/spa arecurso en líneabcr2rdacarrier/spa aContiene índice. aDescripción basada en recurso en línea; Título de la página del título en PDF (e-libro, visto March 03, 2015). 0aCommunication in engineering. 4aComunicación en ingeniería. 0aOral communication. 0aWritten communication. 4aComunicación oral. 4aComunicación escrita. 4aLibros electrónicos.1 aRoque Segovia, María del Carmen.40uhttps://elibro.net/ereader/politecnicointernacional/39434